Tilastot visalle 100 Uuden-Seelannin suurinta kaupunkia kartalla

Klikkaa tästä pelataksesi tätä visaa!

Yleistilastot

  • Tätä visaa on pelattu 15 kertaa
  • Keskiarvotulos 9 / 100

Vastaukset kartalla

Vastauksille on annettu kartalla punavihreä väri sen mukaan, kuinka moni on saanut sen oikein.
 

Vastaustilastot

väestösisältääkaupunki% Oikein
418 500Upper Hutt, Lower Hutt, PoriruaWellington
100%
1 638 800Hibiscus Coast, Waiheke Island,
Beachlands, Huapai
Auckland
79%
407 600Kaiapoi, Lyttelton, Prebbleton, WoodendChristchurch
50%
122 000MosgielDunedin
29%
203 100Hamilton
29%
51 200Invercargill
21%
67 500RichmondNelson
21%
31 600RenwickBlenheim
14%
6100Lincoln
14%
22 200Masterton
14%
63 900Napier
14%
4350Picton
14%
19 540Lake HayesQueenstown
14%
141 600Papamoa, OmokoroaTauranga
14%
2140Te Anau
14%
7350Thames
14%
29 100Timaru
14%
5510Alexandra
7%
2950Arrowtown
7%
20 200Ashburton
7%
20 600Cambridge
7%
5320Carterton
7%
5160Cromwell
7%
5360Dannevirke
7%
5180Dargaville
7%
16 850Feilding
7%
37 200Gisborne
7%
9910Gore
7%
9700Greymouth
7%
70 600Havelock NorthHastings
7%
12 150Hawera
7%
3150Helensville
7%
3590Hokitika
7%
8150Huntly
7%
4560Kaikohe
7%
2150Kaikoura
7%
5860Kaitaia
7%
42 700Paraparaumu, WaikanaeKapiti Coast
7%
7080Kawerau
7%
7520Kerikeri
7%
21 200Levin
7%
4950Marton
7%
7920Matamata
7%
7870Morrinsville
7%
8450Motueka
7%
58 300New Plymouth
7%
6580Ngaruawahia
7%
13 950Oamaru
7%
4320Opotiki
7%
2570Pahiatua
7%
89 500AshhurstPalmerston North
7%
31 400Pukekohe
7%
18 300Rangiora
7%
16 250Rolleston
7%
59 500NgongotahaRotorua
7%
5040Snells Beach
7%
5740Stratford
7%
4720Taumarunui
7%
24 700Taupo
7%
17 500KihikihiTe Awamutu
7%
4640Te Kuiti
7%
14 050Tokoroa
7%
3320Turangi
7%
5150Waihi
7%
2220Waihi Beach
7%
2160Waipawa
7%
4220Waipukurau
7%
4290Wairoa
7%
9780Waiuku
7%
8890Wanaka
7%
4890Warkworth
7%
2100Wellsford
7%
3960Westport
7%
19 750Ohope BeachWhakatane
7%
40 900Whanganui
7%
58 800Whangarei
7%
5080Whitianga
7%
3990Balclutha
0%
2230Darfield
0%
2480Featherston
0%
4720Foxton
0%
2500Geraldine
0%
2380Greytown
0%
3630Inglewood
0%
4710Katikati
0%
2270Mapua
0%
6410Otaki
0%
2750Otorohanga
0%
2170Oxford
0%
4410Paeroa
0%
4100Putaruru
0%
3310Raglan
0%
4350Te Aroha
0%
4370Temuka
0%
8350Te Puke
0%
2890Waimate
0%
7040Waitara
0%
2360Wakefield
0%
3960Whangamata
0%
2370Winton
0%

Tulosjakauma

Persentiili vastausten määrän mukaan

Jokaisen tuloksen saaneiden osuus

Tuloshistoriasi

Et ole pelannut tätä visaa